<?xml version="1.0" encoding="UTF-8"?>
<record
    xmlns:xsi="http://www.w3.org/2001/XMLSchema-instance"
    xsi:schemaLocation="http://www.loc.gov/MARC21/slim http://www.loc.gov/standards/marcxml/schema/MARC21slim.xsd"
    xmlns="http://www.loc.gov/MARC21/slim">

  <leader>02092nam a2200313 a 4500</leader>
  <controlfield tag="001">ebr10481063</controlfield>
  <controlfield tag="003">CaPaEBR</controlfield>
  <controlfield tag="006">m        u        </controlfield>
  <controlfield tag="007">cr cn|||||||||</controlfield>
  <controlfield tag="008">101215s2011    nyua    sb    001 0 eng d</controlfield>
  <datafield tag="010" ind1=" " ind2=" ">
    <subfield code="z">  2010052842</subfield>
  </datafield>
  <datafield tag="020" ind1=" " ind2=" ">
    <subfield code="z">9781933864570</subfield>
  </datafield>
  <datafield tag="020" ind1=" " ind2=" ">
    <subfield code="z">9781935281405 (e-book)</subfield>
  </datafield>
  <datafield tag="040" ind1=" " ind2=" ">
    <subfield code="a">CaPaEBR</subfield>
    <subfield code="c">CaPaEBR</subfield>
  </datafield>
  <datafield tag="035" ind1=" " ind2=" ">
    <subfield code="a">(OCoLC)733048526</subfield>
  </datafield>
  <datafield tag="050" ind1="1" ind2="4">
    <subfield code="a">RJ49</subfield>
    <subfield code="b">.C65 2011eb</subfield>
  </datafield>
  <datafield tag="245" ind1="0" ind2="0">
    <subfield code="a">Color atlas of pediatric pathology</subfield>
    <subfield code="h">[electronic resource] /</subfield>
    <subfield code="c">editors, Aliya N. Husain, J. Thomas Stocker.</subfield>
  </datafield>
  <datafield tag="260" ind1=" " ind2=" ">
    <subfield code="a">New York :</subfield>
    <subfield code="b">Demos Medical,</subfield>
    <subfield code="c">c2011.</subfield>
  </datafield>
  <datafield tag="300" ind1=" " ind2=" ">
    <subfield code="a">xii, 435 p. :</subfield>
    <subfield code="b">ill. (chiefly col.).</subfield>
  </datafield>
  <datafield tag="504" ind1=" " ind2=" ">
    <subfield code="a">Includes bibliographical references and index.</subfield>
  </datafield>
  <datafield tag="505" ind1="0" ind2=" ">
    <subfield code="a">Placenta / Raymond W. Redline -- Congenital malformation syndromes / Nicole A. Cipriani and Aliya N. Husain -- Infections / David M. Parham -- The skin / Vijaya B. Reddy -- Soft tissue lesions / Zhongxin Yu and David M. Parham -- Bone and joints / Karen S. Thompson -- The heart / Bahig M. Shehata and Charlotte K. Steelman -- The lung and mediastinum / J. Thomas Stocker and Aliya N. Husain -- The kidney / Anthony Chang, Neeraja Kambham, and Elizabeth J. Perlman -- Female and male reproductive systems / Michael K. Fritsch and Elizabeth J. Perlman -- Gastrointestinal tract / J. Thomas Stocker, Haresh Mani, and John Hart -- Liver, biliary tract, and pancreas / Haresh Mani and J. Thomas Stocker -- Thyroid, parathyroid, and adrenal glands / John Hicks -- Bone marrow, lymph nodes, spleen, and thymus / Andrea M. Sheehan -- Central nervous system and neuromuscular disease / Peter Pytel.</subfield>
  </datafield>
  <datafield tag="533" ind1=" " ind2=" ">
    <subfield code="a">Electronic reproduction.</subfield>
    <subfield code="b">Palo Alto, Calif. :</subfield>
    <subfield code="c">ebrary,</subfield>
    <subfield code="d">2013.</subfield>
    <subfield code="n">Available via World Wide Web.</subfield>
    <subfield code="n">Access may be limited to ebrary affiliated libraries.</subfield>
  </datafield>
  <datafield tag="650" ind1=" " ind2="0">
    <subfield code="a">Pediatric pathology</subfield>
    <subfield code="v">Atlases.</subfield>
  </datafield>
  <datafield tag="655" ind1=" " ind2="7">
    <subfield code="a">Electronic books.</subfield>
    <subfield code="2">local</subfield>
  </datafield>
  <datafield tag="700" ind1="1" ind2=" ">
    <subfield code="a">Husain, Aliya N.</subfield>
  </datafield>
  <datafield tag="700" ind1="1" ind2=" ">
    <subfield code="a">Stocker, J. Thomas.</subfield>
  </datafield>
  <datafield tag="710" ind1="2" ind2=" ">
    <subfield code="a">ebrary, Inc.</subfield>
  </datafield>
  <datafield tag="856" ind1="4" ind2="0">
    <subfield code="u">http://site.ebrary.com/lib/rucke/Doc?id=10481063</subfield>
    <subfield code="z">An electronic book accessible through the World Wide Web; click to view</subfield>
  </datafield>
  <datafield tag="999" ind1=" " ind2=" ">
    <subfield code="c">118773</subfield>
    <subfield code="d">118773</subfield>
  </datafield>
</record>
